Econometrics: A Science for Noe-Experimental Data Analysis. (Record no. 4423)

MARC details
005 - DATE AND TIME OF LATEST TRANSACTION
control field 20250619123435.0
020 ## - INTERNATIONAL STANDARD BOOK NUMBER
International Standard Book Number 9987-617-57-3
082 ## - DEWEY DECIMAL CLASSIFICATION NUMBER
Classification number 658.403 NDU
100 ## - MAIN ENTRY--PERSONAL NAME
Author name NDUNGURU, P. C.
245 ## - TITLE STATEMENT
Title Econometrics: A Science for Noe-Experimental Data Analysis.
260 ## - PUBLICATION, DISTRIBUTION, ETC.
Place of publication, distribution, etc. Morogoro,
Name of publisher, distributor, etc. Research Information,
Date of publication, distribution, etc. 2007.
300 ## - PHYSICAL DESCRIPTION
Extent xi, 237p.: ill.; table
Other physical details Index
Dimensions 20cm
942 ## - ADDED ENTRY ELEMENTS (KOHA)
Source of classification or shelving scheme Dewey Decimal Classification
Koha item type Books
Holdings
Date last seen Total checkouts Full call number Barcode Cost, replacement price Price effective from Koha item type Lost status Source of classification or shelving scheme Damaged status Not for loan Withdrawn status Home library Current library Shelving location Date acquired Cost, normal purchase price
06/19/2025   658.403 NDU 00000013189 143400.00 06/19/2025 Books   Dewey Decimal Classification       College of Business Education Main Library College of Business Education Main Library General Collection 04/04/2025 47800.00
06/19/2025   658.403 NDU 00000013190 143400.00 06/19/2025 Books   Dewey Decimal Classification       College of Business Education Main Library College of Business Education Main Library General Collection 04/04/2025 47800.00
06/19/2025   658.403 NDU 00000013191 143400.00 06/19/2025 Books   Dewey Decimal Classification       College of Business Education Main Library College of Business Education Main Library General Collection 04/04/2025 47800.00
06/19/2025   658.403 NDU 00000013192 143400.00 06/19/2025 Books   Dewey Decimal Classification       College of Business Education Main Library College of Business Education Main Library General Collection 04/04/2025 47800.00
06/19/2025   658.403 NDU 00000013193 143400.00 06/19/2025 Books   Dewey Decimal Classification       College of Business Education Main Library College of Business Education Main Library General Collection 04/04/2025 47800.00
06/19/2025   658.403 NDU 00000013194 143400.00 06/19/2025 Books   Dewey Decimal Classification       College of Business Education Main Library College of Business Education Main Library General Collection 04/04/2025 47800.00